DOS 5: the basics

保存先:
書誌詳細
主要な著者: Christopher, Ken W (著者), Feigenbaum, Barry A (著者), Saliga, Shon O (著者)
フォーマット: 図書
言語:英語
出版事項: Nueva York John Wiley 1991
主題:
タグ: タグ追加
タグなし, このレコードへの初めてのタグを付けませんか!

MARC

LEADER 00000nam a2200000 a 4500
001 UCV7093
003 CL-VaPUC
008 930429e19910000US |||||||||||||||||eng|d
082 0 4 |a 005.446  |b CHR  |2 21 
100 0 |a Christopher, Ken W  |e author  |9 301106 
700 0 |a Feigenbaum, Barry A  |e author  |9 301107 
700 0 |a Saliga, Shon O  |e author  |9 301108 
245 1 0 |a DOS 5: the basics 
300 |a 484 p 
942 |c BK 
945 |d 19930429 00:00:00 
260 |a Nueva York  |b John Wiley  |c 1991 
650 7 |a PC-DOS  |2 CL-VaPUC  |9 264113 
650 0 |a Sistemas operativos   |9 260288 
650 0 |a Computadores  |9 258188 
583 |a last modification  |c 19930429 00:00:00  |k Rodrigo Vera 
999 |c 212834  |d 212832 
952 |0 0  |1 0  |4 0  |6 005_446000000000000_CHR_1991  |7 0  |8 A  |9 194512  |a BIBING  |b BIBING  |d 2019-11-14  |i 2626861  |o 005.446 CHR 1991  |p 2626861  |r 2025-01-20  |w 2019-11-14  |y BK  |k EIQ